000 01277nam a22001937a 4500
999 _c58131
_d58131
005 20210623133244.0
008 210623c2021 ge ||||| |||| 00| 0 geo d
022 _a1512-374X
041 _ageo
245 _aხელისუფლება და საზოგადოება = Authoriti and society = Bласть и общество :
_bსამეცნიერო ჟურნალი : ისტორია, თეორია, პრაქტიკა : ღია დიპლომატიის ასოციაციის სამეცნიერო ჟურნალი /
_cსაქართველოს ტექნიკური უნივერსიტეტის სახელმწიფო მართვის კათედრა ; რედაქტორი შოთა დოღონაძე.
260 _aთბილისი,
_c2021.
300 _aV.
521 _aტექსტი ქართულ, რუსულ და ინგლისურ ენებზე.
653 _aპოლიტიკა
653 _aეკონომიკა
653 _aსაზიგადოება
700 _aდოღონაძე, შოთა
_eრედაქტორი.
_94915
942 _2udc
_cCR